[Event "NED-ch U14"]
[Site "Rotterdam"]
[Date "2016.04.29"]
[Round "1"]
[White "Tran, Tommy"]
[Black "Mestrom, Wolf"]
[Result "0-1"]
[WhiteElo "1301"]
[BlackElo "1901"]
[PlyCount "92"]
[EventDate "2016.04.29"]
[EventType "swiss"]
[EventRounds "9"]
[EventCountry "NED"]
[SourceTitle "CBM 172 Extra"]
[Source "ChessBase"]
[SourceDate "2016.06.21"]
[SourceVersion "1"]
[SourceVersionDate "2016.06.21"]
[SourceQuality "1"]

1. e4 c5 2. Nc3 e6 3. f4 Nc6 4. Nf3 g6 5. Bc4 Bg7 6. 0-0 Nge7 7. Qe1 0-0 8. g4 d5 9. Be2 Nd4 10. Bd1 b6 11. Qh4 f5 12. e5 Nec6 13. g5 Ba6 14. d3 Rf7 15. Ne2 Nxe2+ 16. Bxe2 Bf8 17. c3 Rb8 18. Bd2 b5 19. Rab1 b4 20. Qf2 Rfb7 21. c4 Rd7 22. Rfd1 Qb6 23. b3 Rbd8 24. Rb2 Bb7 25. Ne1 Nd4 26. Nc2 Nxe2+ 27. Qxe2 dxc4 28. dxc4 Be4 29. Ne1 Qc6 30. h3 Bd3 31. Qf2 Be4 32. h4 Qa8 33. Kf1 h6 34. Ke2 Bd3+ 35. Nxd3 Rxd3 36. Rbb1 Qe4+ 37. Be3 Rxd1 38. Rxd1 Qc2+ 39. Rd2 Rxd2+ 40. Bxd2 Qxa2 41. Qg3 h5 42. Qf3 a5 43. Qc6 Kf7 44. Qd7+ Be7 45. Qd3 a4 46. bxa4 b3 0-1

[Event "Utrecht OKU op 42nd"]
[Site "Utrecht"]
[Date "2015.06.06"]
[Round "4"]
[White "Oosterom, Erik"]
[Black "Mestrom, Wolf"]
[Result "1-0"]
[WhiteElo "2043"]
[BlackElo "1870"]
[PlyCount "35"]
[EventDate "2015.06.05"]
[EventType "swiss"]
[EventRounds "6"]
[EventCountry "NED"]
[SourceTitle "CBM 166 Extra"]
[Source "ChessBase"]
[SourceDate "2015.06.18"]
[SourceVersion "1"]
[SourceVersionDate "2015.06.18"]
[SourceQuality "1"]

1. Nf3 c5 2. c4 g6 3. d4 Bg7 4. d5 d6 5. e4 Qa5+ 6. Nbd2 Na6 7. Bd3 Bd7 8. 0-0 e5 9. dxe6 fxe6 10. e5 d5 11. cxd5 exd5 12. Nb3 Qc7 13. Bxa6 bxa6 14. Qxd5 Rc8 15. Ng5 Nh6 16. Ne6 Bxe6 17. Qxe6+ Kf8 18. Be3 1-0

[Event "Maastricht Limburg op-B 9th"]
[Site "Maastricht"]
[Date "2015.05.25"]
[Round "7"]
[White "Mestrom, Wolf"]
[Black "Londers, Jan"]
[Result "1-0"]
[WhiteElo "1834"]
[BlackElo "1835"]
[PlyCount "67"]
[EventDate "2015.05.22"]
[EventType "swiss"]
[EventRounds "7"]
[EventCountry "NED"]
[SourceTitle "EXT 2016"]
[Source "ChessBase"]
[SourceDate "2015.10.08"]
[SourceVersion "1"]
[SourceVersionDate "2015.10.08"]
[SourceQuality "1"]

1. d4 Nf6 2. c4 e6 3. Nf3 d5 4. g3 Be7 5. Bg2 0-0 6. 0-0 dxc4 7. Nbd2 a6 8. Nxc4 b5 9. Nfe5 Nd5 10. Na5 Bf6 11. e4 Ne7 12. Nb3 Bxe5 13. dxe5 Nec6 14. f4 Nd7 15. Be3 Qe7 16. Qh5 Bb7 17. g4 f6 18. exf6 Nxf6 19. Qh3 Rfd8 20. g5 Nd7 21. Rac1 e5 22. f5 Nd4 23. Rxc7 Rab8 24. f6 Qf7 25. Nc5 Bc8 26. g6 hxg6 27. fxg7 Qxg7 28. Qh4 Re8 29. Bh3 Ne2+ 30. Kh1 Nf4 31. Bxf4 exf4 32. Nxd7 g5 33. Rg1 gxh4 34. Nf6+ 1-0

[Event "NED-ch U15"]
[Site "Rotterdam"]
[Date "2015.05.03"]
[Round "2"]
[White "Janse, Alexander"]
[Black "Mestrom, Wolf"]
[Result "1/2-1/2"]
[WhiteElo "1972"]
[BlackElo "1834"]
[PlyCount "76"]
[EventDate "2015.05.02"]
[EventType "swiss"]
[EventRounds "9"]
[EventCountry "NED"]
[SourceTitle "EXT 2016"]
[Source "ChessBase"]
[SourceDate "2015.10.08"]
[SourceVersion "1"]
[SourceVersionDate "2015.10.08"]
[SourceQuality "1"]

1. e4 c5 2. Nf3 d6 3. d4 cxd4 4. Nxd4 Nf6 5. Nc3 a6 6. Bg5 Nbd7 7. Qe2 Qa5 8. f4 b5 9. 0-0-0 b4 10. Nb3 Qc7 11. Nd5 Nxd5 12. exd5 Bb7 13. g4 Nb6 14. Bg2 Qc4 15. Rhe1 Rc8 16. Qxc4 Nxc4 17. Nd4 h6 18. Bh4 g5 19. Bg3 Bg7 20. Re2 gxf4 21. Bxf4 Be5 22. Bxe5 Nxe5 23. Nf5 Rc4 24. h3 Kd7 25. Rd4 Rxd4 26. Nxd4 h5 27. g5 h4 28. Nc6 Bxc6 29. dxc6+ Nxc6 30. Bxc6+ Kxc6 31. Rxe7 Rg8 32. Rxf7 Rxg5 33. Rf4 Rg1+ 34. Kd2 Rg2+ 35. Kd1 Rg1+ 36. Ke2 Rg2+ 37. Rf2 Rg3 38. Rf3 Rg2+ 1/2-1/2

[Event "Lisbon Christmas op"]
[Site "Lisbon"]
[Date "2014.12.30"]
[Round "9"]
[White "Sousa, Andre Ventura"]
[Black "Mestrom, Wolf"]
[Result "0-1"]
[WhiteElo "2191"]
[BlackElo "1804"]
[PlyCount "88"]
[EventDate "2014.12.26"]
[EventType "swiss"]
[EventRounds "9"]
[EventCountry "POR"]
[SourceTitle "EXT 2018"]
[Source "ChessBase"]
[SourceDate "2017.10.13"]
[SourceVersion "1"]
[SourceVersionDate "2017.10.13"]
[SourceQuality "1"]

1. e4 c5 2. Nf3 d6 3. d4 cxd4 4. Nxd4 Nf6 5. Nc3 a6 6. Be3 e5 7. Nb3 Be6 8. Qd2 Nbd7 9. 0-0-0 b5 10. f3 b4 11. Nd5 Bxd5 12. exd5 Nb6 13. Bxb6 Qxb6 14. Kb1 Be7 15. g4 0-0 16. h4 Rfb8 17. h5 a5 18. g5 Nd7 19. Bd3 a4 20. Nc1 b3 21. cxb3 axb3 22. axb3 Nc5 23. Bc4 Qa7 24. f4 Ne4 25. Qe1 Nf2 26. fxe5 Nxd1 27. Qxd1 Bxg5 28. Nd3 dxe5 29. Nxe5 Bf6 30. Nd3 Re8 31. Rf1 Re3 32. Kc2 Qd4 33. Rf4 Qb6 34. Qf1 Rae8 35. h6 Re2+ 36. Kb1 Qe3 37. hxg7 Bxg7 38. Qc1 Qxc1+ 39. Kxc1 Bh6 40. Kd1 Bxf4 41. Nxf4 Rxb2 42. Nh5 Ra8 43. Kc1 Rh2 44. Nf6+ Kg7 0-1

[Event "Maastricht Limburg op-B 8th"]
[Site "Maastricht"]
[Date "2014.06.09"]
[Round "6"]
[White "Mestrom, Wolf"]
[Black "Kalle, Erwin"]
[Result "1/2-1/2"]
[WhiteElo "1753"]
[BlackElo "1691"]
[PlyCount "113"]
[EventDate "2014.06.06"]
[EventType "swiss"]
[EventRounds "7"]
[EventCountry "NED"]
[SourceTitle "EXT 2015"]
[Source "ChessBase"]
[SourceDate "2014.11.20"]
[SourceVersion "1"]
[SourceVersionDate "2014.11.20"]
[SourceQuality "1"]

1. d4 Nf6 2. c4 g6 3. Nc3 Bg7 4. e4 d6 5. h3 0-0 6. Bg5 Nbd7 7. Qd2 e5 8. d5 a5 9. Nf3 Nc5 10. Bd3 Bd7 11. 0-0-0 h6 12. Be3 Nxd3+ 13. Qxd3 Kh7 14. g4 Ng8 15. g5 h5 16. Rdg1 Qc8 17. Rg3 Ne7 18. Nd2 a4 19. Kb1 Qe8 20. h4 Rb8 21. f4 b5 22. cxb5 Bxb5 23. Nxb5 Qxb5 24. Qxb5 Rxb5 25. Nc4 exf4 26. Bxf4 Rfb8 27. Rg2 Ng8 28. Rc1 f5 29. exf5 Rxd5 30. f6 Nxf6 31. gxf6 Bxf6 32. Bg5 Bg7 33. Ne3 Rdb5 34. Rcc2 d5 35. Nd1 c5 36. Nc3 Bxc3 37. Rxc3 c4 38. Re2 a3 39. Rxa3 d4 40. Ra7+ Kg8 41. Bc1 c3 42. Rc2 Rd8 43. b3 Rc5 44. b4 Rc4 45. Ra3 Rxb4+ 46. Rb3 Rxb3+ 47. axb3 d3 48. Rxc3 d2 49. Bxd2 Rxd2 50. Rc4 Kf7 51. b4 Ke7 52. b5 Rd5 53. Rb4 Kd7 54. Kc2 Kc7 55. Rc4+ Kb7 56. Rb4 Kb6 57. Kc3 1/2-1/2

[Event "Maastricht Limburg op-B 8th"]
[Site "Maastricht"]
[Date "2014.06.08"]
[Round "4"]
[White "Mestrom, Wolf"]
[Black "Sinke, Wim"]
[Result "0-1"]
[WhiteElo "1753"]
[BlackElo "1874"]
[PlyCount "86"]
[EventDate "2014.06.06"]
[EventType "swiss"]
[EventRounds "7"]
[EventCountry "NED"]
[SourceTitle "EXT 2015"]
[Source "ChessBase"]
[SourceDate "2014.11.20"]
[SourceVersion "1"]
[SourceVersionDate "2014.11.20"]
[SourceQuality "1"]

1. c4 e5 2. Nc3 Nf6 3. e3 d5 4. cxd5 Nxd5 5. Nf3 Nxc3 6. bxc3 Bd6 7. d4 Qe7 8. Be2 0-0 9. 0-0 e4 10. Nd2 c6 11. f4 f5 12. c4 Ba3 13. Bxa3 Qxa3 14. Qb3 Qa5 15. c5+ Kh8 16. Nc4 Qc7 17. Ne5 b6 18. cxb6 axb6 19. Rab1 b5 20. Rfc1 Qe7 21. Rc3 Be6 22. Qd1 Bd5 23. Rb2 Ra3 24. Qd2 Qa7 25. Rxa3 Qxa3 26. Bd1 Na6 27. Bb3 Nb4 28. Bxd5 Nxd5 29. Rb3 Qa4 30. Nxc6 Rc8 31. Ne5 b4 32. Nf7+ Kg8 33. Nd6 Rc3 34. Nxf5 Rxb3 35. axb3 Qxb3 36. Kf2 Qb1 37. Nd6 b3 38. h3 Qc2 39. Ke1 Nxe3 40. Qxc2 Nxc2+ 41. Kd2 e3+ 42. Kd3 e2 43. Kxe2 b2 0-1

[Event "NED-ch U15"]
[Site "Rotterdam"]
[Date "2014.04.26"]
[Round "1"]
[White "Mestrom, Wolf"]
[Black "De Boer, Eelke"]
[Result "1-0"]
[WhiteElo "1733"]
[BlackElo "1787"]
[PlyCount "77"]
[EventDate "2014.04.26"]
[EventType "swiss"]
[EventRounds "9"]
[EventCountry "NED"]
[SourceTitle "EXT 2016"]
[Source "ChessBase"]
[SourceDate "2015.10.08"]
[SourceVersion "1"]
[SourceVersionDate "2015.10.08"]
[SourceQuality "1"]

1. d4 f5 2. Nf3 g6 3. g3 Bg7 4. Bg2 Nf6 5. c4 d6 6. 0-0 0-0 7. Nc3 Qe8 8. Bf4 Nh5 9. d5 h6 10. h4 Na6 11. Qd2 Kh7 12. e3 e5 13. dxe6 Bxe6 14. b3 Nc5 15. Nd4 a5 16. Ncb5 Qf7 17. Nxe6 Nxe6 18. Bxb7 Bxa1 19. Bxa8 Rxa8 20. Rxa1 g5 21. hxg5 hxg5 22. Bxd6 cxd6 23. Nxd6 Qf6 24. Rd1 Rd8 25. Qxa5 Neg7 26. c5 Ne8 27. Rd4 f4 28. Ne4 Qxd4 29. exd4 Rxd4 30. Nxg5+ Kg6 31. Ne6 Rd1+ 32. Kg2 f3+ 33. Kxf3 Kf5 34. c6+ Kxe6 35. Qxh5 Nf6 36. Qb5 Rd5 37. Qc4 Kd6 38. c7 Rc5 39. Qxc5+ 1-0

[Event "NED-ch U11"]
[Site "Waalwijk"]
[Date "2012.04.07"]
[Round "7"]
[White "Hilwerda, Jonas"]
[Black "Mestrom, Wolf"]
[Result "1-0"]
[WhiteElo "1245"]
[BlackElo "1082"]
[PlyCount "141"]
[EventDate "2012.04.06"]
[EventType "swiss"]
[EventRounds "9"]
[EventCountry "NED"]
[SourceTitle "EXT 2013"]
[Source "ChessBase"]
[SourceDate "2012.11.22"]
[SourceVersion "1"]
[SourceVersionDate "2012.11.22"]
[SourceQuality "1"]

1. e4 c5 2. Nf3 e6 3. d4 cxd4 4. Nxd4 a6 5. Nc3 Qc7 6. Be3 Nc6 7. Nxc6 Qxc6 8. g3 b5 9. Bg2 Bb7 10. Qd3 Nf6 11. f3 d6 12. 0-0-0 Rd8 13. e5 Nd5 14. f4 dxe5 15. fxe5 Be7 16. Nxd5 exd5 17. Qd4 0-0 18. Qb6 Rd7 19. Qxc6 Bxc6 20. Bb6 Rb8 21. Ba5 Bd8 22. Bxd8 Rbxd8 23. Rhe1 Bb7 24. e6 fxe6 25. Rxe6 d4 26. Bxb7 Rxb7 27. Rxa6 Rbd7 28. Rb6 Rd5 29. Rd2 Rc8 30. Re6 Kf7 31. Re4 d3 32. Rb4 Rxc2+ 33. Rxc2 dxc2 34. Kxc2 Ke6 35. Re4+ Kd7 36. Re3 g5 37. Rd3 Kd6 38. Rxd5+ Kxd5 39. Kd3 h5 40. a3 g4 41. b3 Ke5 42. a4 bxa4 43. bxa4 Kd5 44. Ke3 Kc4 45. Kf4 Kb4 46. Kg5 Kxa4 47. Kxh5 Kb5 48. Kxg4 Kc6 49. Kf5 Kd7 50. Kf6 Ke8 51. Kg7 Ke7 52. h4 Ke6 53. h5 Kf5 54. h6 Kg4 55. h7 Kxg3 56. h8Q Kf4 57. Qh5 Ke4 58. Qg5 Kd4 59. Qf5 Ke3 60. Qg4 Kd3 61. Qf4 Kc3 62. Qe4 Kd2 63. Qf3 Kc2 64. Qe3 Kb2 65. Qd3 Ka2 66. Qb5 Ka3 67. Kf6 Ka2 68. Ke5 Ka3 69. Kd4 Ka2 70. Kc3 Ka1 71. Qb2# 1-0

[Event "NED-ch U11"]
[Site "Waalwijk"]
[Date "2011.04.23"]
[Round "6"]
[White "Mestrom, Wolf"]
[Black "De Haas, Lars"]
[Result "1-0"]
[WhiteElo "833"]
[BlackElo "1248"]
[PlyCount "65"]
[EventDate "2011.04.22"]
[EventType "swiss"]
[EventRounds "9"]
[EventCountry "NED"]
[SourceTitle "EXT 2012"]
[Source "ChessBase"]
[SourceDate "2011.11.24"]
[SourceVersion "1"]
[SourceVersionDate "2011.11.24"]
[SourceQuality "1"]

1. d4 d5 2. Nf3 Nc6 3. g3 e5 4. dxe5 Bf5 5. a3 f6 6. exf6 Nxf6 7. Bg2 Be4 8. 0-0 Bc5 9. b3 0-0 10. Bb2 Qd7 11. Nbd2 Rae8 12. Nxe4 Nxe4 13. b4 Bb6 14. c4 d4 15. c5 Nxc5 16. bxc5 Bxc5 17. Qb3+ Kh8 18. Qc2 b6 19. Ng5 g6 20. Rad1 Rd8 21. e3 Kg8 22. Qc4+ Kh8 23. Qe6 Qxe6 24. Nxe6 Rfe8 25. Nxd8 Nxd8 26. exd4 Bf8 27. d5+ Bg7 28. Bxg7+ Kxg7 29. Rfe1 Rf8 30. Re7+ Kf6 31. Rde1 Nb7 32. R1e6+ Kg5 33. h4+ 1-0

[Event "NED-ch U11"]
[Site "Waalwijk"]
[Date "2011.04.22"]
[Round "2"]
[White "Mestrom, Wolf"]
[Black "Van Randtwijk, Mick"]
[Result "1-0"]
[WhiteElo "833"]
[BlackElo "972"]
[PlyCount "95"]
[EventDate "2011.04.22"]
[EventType "swiss"]
[EventRounds "9"]
[EventCountry "NED"]
[SourceTitle "EXT 2012"]
[Source "ChessBase"]
[SourceDate "2011.11.24"]
[SourceVersion "1"]
[SourceVersionDate "2011.11.24"]
[SourceQuality "1"]

1. d4 d5 2. Nf3 Nf6 3. g3 g6 4. Bg2 Bg7 5. 0-0 0-0 6. b3 Nc6 7. Bb2 Bf5 8. a3 a5 9. Nbd2 a4 10. b4 b5 11. h3 Be4 12. Nxe4 dxe4 13. Ne5 Nxe5 14. dxe5 Qxd1 15. Raxd1 Nd7 16. Bxe4 Nxe5 17. Bxe5 Bxe5 18. Bxa8 Rxa8 19. f4 Bd6 20. Rd3 c5 21. c3 h5 22. Rfd1 cxb4 23. cxb4 Rc8 24. Rd5 Rb8 25. e4 Kg7 26. e5 Bc7 27. Rd7 Bb6+ 28. Kg2 e6 29. Re7 Kf8 30. Red7 Ke8 31. Kf3 Rc8 32. R7d3 Ke7 33. g4 h4 34. Ke4 Rc4+ 35. Kf3 f6 36. Rd7+ Ke8 37. exf6 Kf8 38. R1d6 Rc3+ 39. Ke2 Re3+ 40. Kd2 Rxh3 41. Rxb6 Ke8 42. Ra7 Rh2+ 43. Ke1 Rh1+ 44. Kf2 Rd1 45. Rb8+ Rd8 46. Rxd8+ Kxd8 47. f7 Kc8 48. f8Q# 1-0